| 000 | 01858nam0a2200349 4500 | ||
|---|---|---|---|
| 001 | RU\NLR\BIBL_A\011778468 | ||
| 005 | 20180907153650.0 | ||
| 010 |
_a978-5-7422-6146-9 _9100 |
||
| 021 |
_aRU _bКН-П-18-054069 _9КН-П-18-3894 |
||
| 035 | _a(NLR Aleph) 011778468 | ||
| 035 | _a(RuMoRGB)009695492 | ||
| 090 |
_a11763578 _c11763578 |
||
| 100 | _a20180828d2018 u y0rusy50 ca | ||
| 101 | 0 | _arus | |
| 102 | _aRU | ||
| 105 | _ay|||z|||000zy | ||
| 200 | 1 |
_aГрибовидный микоз _eучебное пособие _fИ. Э. Белоусова, В. Р. Хайрутдинов, А. В. Самцов _gМинистерство обороны Российской Федерации, Военно-медицинская академия им. С. М. Кирова, Кафедра кожных и венерических болезней |
|
| 210 |
_aСанкт-Петербург _cИзд-во Политехнического университета _d2018 |
||
| 215 |
_a40 с. _cтабл. _d21 |
||
| 300 | _aНа обороте тит. авт.: д.м.н., доц. И. Э. Белоусова, д.м.н., доц. В. Р. Хайрутдинов, д.м.н., проф. А. В. Самцов | ||
| 320 | _aБиблиогр.: с. 38-40 | ||
| 606 | 1 |
_aГрибовидный микоз _jУчебные издания _9947692 _3RU\NLR\AUTH\66351696 |
|
| 610 | 0 | _aгрибовидный микоз кожи | |
| 686 | 1 | _aР569.60я7 | |
| 700 | 1 |
_aБелоусова _bИ. Э. _gИрена Эдуардовна |
|
| 701 | 1 |
_aХайрутдинов _bВ. Р. _gВладислав Ринатович |
|
| 701 | 1 |
_7ca _8rus _aСамцов _bА. В. _gАлексей Викторович _922459 _3RU\NLR\AUTH\7739475 |
|
| 942 | _cBOOK | ||
| 980 | _aNBR | ||
| 980 | _aNB | ||